| 000 | 00723nam a2200241 i 4500 | ||
|---|---|---|---|
| 001 | 125459 | ||
| 003 | ES-MaACL | ||
| 005 | 20230906192632.0 | ||
| 007 | t| | ||
| 008 | 070612s1970 fr ||||1| fre d | ||
| 080 | _a81 | ||
| 100 | 1 |
_aMartinet, André. _977704 |
|
| 245 | 1 | 0 |
_aÉléments de linguistique générale / _cAndré Martinet. |
| 260 |
_aParis : _bLibrairie Armand colin, _c1970. |
||
| 300 |
_a217 p. ; _c17 cm. |
||
| 490 | 1 |
_aCollection U2 ; _v15 |
|
| 500 | _aBiblioteca Jacinto Martínez Lafuente. | ||
| 500 | _aÍndice terminológico: p.211-217. | ||
| 650 | 4 |
_aLingüística. _914463 |
|
| 830 | 0 |
_aCollection U2 ; _v15 _9186642 |
|
| 852 |
_aES-MaACL _jE-11672 _bR.139711 |
||
| 999 |
_c125459 _d125459 |
||